000 00365nam a2200145Ia 4500
008 230917s9999||||xx |||||||||||||| ||und||
040 _e39059
_aMAIN
041 _aEnglish
082 _a822.09 G211T
100 _aGascaigne, Bomber
245 0 _aTwentieth-century drama
260 _aLondon
_bHutchinson University Library
_c1967
300 _a214 p.
942 _cBK
999 _c59919
_d59919